000 00290nam a22001337a 4500
008 170519b xxu||||| |||| 00| 0 eng d
020 _a9780816028795
041 _aeng
080 _a94(7/8)
100 _a16
101 _aSHH
245 _aAMERICA AT WAR
_cGREENBLATT,M
942 _2udc
_cBK
999 _c13505
_d13505